000 00499nam a2200205Ia 4500
003 OSt
005 20220928144211.0
006 a|||||r|||| 00| 0
007 ta
008 220927b |||||||| |||| 00| 0 eng d
024 _a63617
037 _cTextual
040 _aSDCL
_cSDCL
_beng
041 _2eng
_aeng
082 _aR 4, 152 L2
100 _aGreen
_9507372
245 0 _aNiti-darshan ki purvpathika.
942 _hR 4, 152 L2
_cTEXL
_2CC
999 _c826733
_d826733